Die wichtigsten Teile der menschlichen Nase - Statistiken

Allgemein
  • Dieses Quiz wurde 23 mal gespielt
  • Das Durchschnittsergebnis liegt bei 2 aus 8
Antwortstatistiken
Antworten % Korrekt
Nasenflügel
68%
Nasenloch
68%
Nasenscheidewand
50%
Nasenhöhle
23%
Nasenspitze
14%
Nasenrücken
9%
Riechnerv
5%
Riechschleimhaut
0%
Keine übereinstimmenden Quizze gefunden
Verteilung der Resultate
Anzahl Personen mit jedem Resultat
Perzentil nach korrekt beantworteten Fragen
Ihre Resultats-Entwicklung
Sie haben dieses Quiz noch nicht gespielt